| 000 | 02192cam a22005414i 4500 | ||
|---|---|---|---|
| 003 | PE-LiUPU | ||
| 005 | 20250731180137.0 | ||
| 008 | 150616s1969 sp a rb 000 0 spa d | ||
| 035 | _a(Sirsi) a4363 | ||
| 040 |
_aPE-LiUPU _bspa _cPE-LiUPU _dPE-LiUPU _erda |
||
| 049 | _aPRUA | ||
| 082 | 0 | 4 |
_a534.1 _bCh37 _221 |
| 100 | 1 |
_aCharon, Jean F., _eautor. |
|
| 245 | 1 | 0 |
_aCosmología: teorias sobre el universo / _cJean F. Charon. |
| 264 | 1 |
_aMadrid : _bEdiciones Guadarrama, _c1969. |
|
| 300 |
_a253 páginas : _bilustraciones; _c20 centímetros |
||
| 336 |
_atext _2rdacontent |
||
| 337 |
_aunmediated _2rdamedia |
||
| 338 |
_avolume _2rdacarrier |
||
| 490 | 0 |
_aBiblioteca para el Hombre Actual ; _v55 |
|
| 504 | _aIncluye bibliografía. | ||
| 505 | 0 | _aLas cosmologías racionales: -Un mundo creador Dios -- Un mundo que se busca -- Un mundo sometido al sol -- Un mundo sometido a leyes -- ¿El mundo? una hipótesis -- Un mundo a priori. René Descartes -- Un mundo sometido a una ley, Isaac Newton. Cosmologías relativistas: -Un universo en expansión -- Albert Einstein -- Modelos de universo en expansión -- La creación continua de la materia -- El muro de las distancias cósmicas -- ¿Tiene el universo un destino?. | |
| 526 | _aSEG44 | ||
| 526 | _aSEG26 | ||
| 526 | _aP159 | ||
| 526 | _aP155 | ||
| 526 | _aP154 | ||
| 526 | _aP153 | ||
| 526 | _aP150 | ||
| 526 | _aP100 | ||
| 526 | _aP31 | ||
| 526 | _aP30 | ||
| 526 | _aP26 | ||
| 526 | _aP25 | ||
| 526 | _aP24 | ||
| 526 | _aP22 | ||
| 526 | _aP15 | ||
| 526 | _aP10 | ||
| 650 | 0 | 4 |
_aCoamología _Universo-Origen. |
| 910 |
_ajck _bjvq _cjck |
||
| 910 |
_bksl _cksl _d20190429 |
||
| 942 |
_2ddc _cBOOK |
||
| 949 |
_a534.1 Ch37 _wDEWEY _c1 _i09556 _lCCODEBUL1 _mBUL _p26.00 _r0 _sY _tBOOK _u2015-04-23 _xEDUCACION _PP20 _0COMPRA _o.STAFF. Colección Ciencias Humanas y Educación |
||
| 994 |
_aC0 _bPEPRU |
||
| 596 | _a1 | ||
| 999 |
_a534.1 CH37 _wDEWEY _c48586 _i09556 _d48586 _e2016-8-10 _f2021-11-5 _g6 _lCCODEBUL1 _mBUL _n3 _p26.00 _r0 _sY _tBOOK _u2015-4-23 _xBIBLIOTECA _PP20 _0COMPRA _o.STAFF. Colección Ciencias Humanas y Educación |
||
| 980 |
_81 _gALBERTO SANCHEZ Responsable de Automatización |
||